Islamic financial market : (Record no. 41644)

MARC details
000 -LEADER
fixed length control field 00879nam a22002297a 4500
005 - DATE AND TIME OF LATEST TRANSACTION
control field 20100813142754.0
010 ## - LCCN (DPL NO)
LC control number ENG-100385
020 ## - INTERNATIONAL STANDARD BOOK NUMBER
International Standard Book Number 9788189965020
Terms of availability 200.00
035 ## - SYSTEM CONTROL NUMBER
System control number EN-83917
037 ## - SOURCE OF ACQUISITION
Source of stock number/acquisition DBAD/PUB
082 ## - DEWEY DECIMAL CLASSIFICATION NUMBER
Classification number 332.1091767
100 ## - MAIN ENTRY--PERSONAL NAME
Personal name Mohammed Obaidullah
245 ## - TITLE STATEMENT
Title Islamic financial market :
Remainder of title towards greater ethics & efficiency /
Statement of responsibility, etc by Mohammed Obaidullah
260 ## - PUBLICATION, DISTRIBUTION, ETC. (IMPRINT)
Place of publication, distribution, etc New Delhi
Name of publisher, distributor, etc Institute of objective studies
Date of publication, distribution, etc 2007
270 ## - ADDRESS
Address B-35,Nizamuddin West
City New Delhi
Postal code 110013
300 ## - PHYSICAL DESCRIPTION
Extent vi, 215p.
Dimensions 21cm (pbk)
500 ## - GENERAL NOTE
General note Includes bibliogaraphical refereces and index
650 ## - SUBJECT ADDED ENTRY--TOPICAL TERM
Topical term or geographic name as entry element Bank & Banking
650 ## - SUBJECT ADDED ENTRY--TOPICAL TERM
Topical term or geographic name as entry element Finance
942 ## - ADDED ENTRY ELEMENTS (KOHA)
Source of classification or shelving scheme Dewey Decimal Classification
Item type English Books
Classification part 332.1091767
Call number suffix MOH
Holdings
Withdrawn status Lost status Not for loan Collection code Home library Current library Date acquired Source of acquisition Cost, normal purchase price Full call number Barcode Copy number Cost, replacement price Koha item type
    Not For Loan Non-fiction D.B.Act.Division D.B.Act.Division 13/08/2010 DBAD/PUB 200.00 332.1091767 MOH EN-83917 1 200.00 English Books

© Delhi Public Library
Hit Counter
free hit counter